000 00791nam a2200253 i 4500
001 105985
003 ES-MaACL
007 t|
008 060919s1966 fr ||||1| fre d
080 _a94(430)"1918"
080 _a330.85(430)
100 1 _aBadia, Gilbert.
_924536
245 1 4 _aLes Spartakistes
_b: 1918: l'Allemagne en révolution /
_cprésentée par Gilbert Badia.
260 _a[Paris] :
_bRené Julliard,
_c[1966]
300 _a297 p., [16] p. de lám. ;
_c18 cm.
490 1 _aArchives
500 _aBiblioteca Juan Andrade.
610 2 7 _aSpartakusbund.
_96885
650 1 4 _aComunismo-
_zAlemania
_911212
651 4 _aAlemania-
_xHistoria-
_y1918, Revolución.
_97662
830 0 _aArchives
_9185124
852 _aES-MaACL
_jAND-911
_bR.110199
999 _c105985
_d105985